| 000 | 00668nam a22002297a 4500 | ||
|---|---|---|---|
| 003 | UA-OsUOA | ||
| 001 | 99890 | ||
| 007 | ta | ||
| 008 | 20130520b un ||||| |||| 00| 0 ukr d | ||
| 100 | _aФедин Константин | ||
| 090 |
_a821.161.1 _bФ32 |
||
| 942 | _cBK | ||
| 040 |
_aUA-OsUOA _brus _cUA-OsUOA _dUA-OsUOA |
||
| 245 |
_aСочинения в шести томах _bроман _n2 |
||
| 300 | _a382 с. | ||
| 955 | _a0 | ||
| 041 | _arus | ||
| 080 | _a821.161.1 | ||
| 260 |
_aМосква _bХудожественная литература _c1952 |
||
| 650 | 7 |
_a82 Література. Літературознавство _2UDC |
|
| 999 |
_c386133 _d386133 |
||